000 00450nam a22001577a 4500
003 OSt
005 20251113061652.0
008 251113b |||||||| |||| 00| 0 eng d
020 _a1559639555
040 _cISLAND PRESS
050 _aHD 216 .D66 2003
_b .D66 2003
245 _aFROM CONQUEST TO CONSERVATION :
_bOUR PUBLIC LANDS LEGACY/
_cDOMBECK ,P MICHAEL
250 _a1ST EDITION
260 _aWASHINGTON:
_bISLAND PRESS,
_c2003
942 _2lcc
_cBK
_n0
999 _c9780
_d9780